Ranní písnička slowfox /
| Main Author: | Ducháč, Miloslav, 1924-2008 |
|---|---|
| Other Authors: | Dvořák, Vladimír, 1925-1999, Procházka, Slavoj, Kozel, Karel, 1914-1983 |
| Language: | Czech |
| Published: |
Praha : Státní nakladatelství krásné literatury, hudby a umění, 1953 |
| Edition: | 1. vyd. |
| Series: |
Taneční orchestr (SNKLHU)
|
| Physical Description: |
1 sv. (nestránkován) |
| LEADER | 01093ncm a22002892a 4500 | ||
|---|---|---|---|
| 001 | 001134008 | ||
| 003 | CZ BrMZK | ||
| 005 | 20110105081933.0 | ||
| 007 | qu | ||
| 008 | 100329s1953 xr |||||||||||||||||cze d | ||
| 040 | |a BOA001 |b cze | ||
| 072 | 7 | |a 784 |x Vokální hudba |2 Konspekt |9 9 | |
| 100 | 1 | |a Ducháč, Miloslav, |d 1924-2008 |7 jn20000400561 |4 cmp | |
| 245 | 1 | 0 | |a Ranní písnička |h [hudebnina] : |b slowfox / |c Miloslav Ducháč ; Vladimír Dvořák. Dnes : foxtrot / Slavoj Procházka ; Karel Kozel |
| 250 | |a 1. vyd. | ||
| 260 | |a Praha : |b Státní nakladatelství krásné literatury, hudby a umění, |c 1953 | ||
| 300 | |a 1 sv. (nestránkován) | ||
| 490 | 1 | |a Taneční orchestr ; |v 95 | |
| 700 | 1 | |a Dvořák, Vladimír, |d 1925-1999 |7 jk01030209 |4 lyr | |
| 700 | 1 | |a Procházka, Slavoj |7 ola2008474800 |4 cmp | |
| 700 | 1 | |a Kozel, Karel, |d 1914-1983 |7 jk01062600 |4 lyr | |
| 740 | 0 | 2 | |a Dnes |
| 830 | 0 | |a Taneční orchestr (SNKLHU) | |
| 910 | |a BOA001 |b Mus3-0306.945 | ||
| 990 | |a MU | ||
| 991 | |b 201101 | ||
| 996 | 6 | |b 2619449401 |c Mus3-0306.945 |l MZK |r Sklad / do 1 hodiny |n 0 |w 001163175 |u 000010 |a 1 |e BOA001 |j MZK50 |s P | |
English
Čeština 